000 00215nam a2200097Ia 4500
008 220204s9999 xx 000 0 und d
082 _a82-3
_bMAR
100 _aMarkstein, G
245 0 _aChance awakening
942 _cBK
999 _c33908
_d33908